000 00205nam a22000857a 4500
008 170616b xxu||||| |||| 00| 0 eng d
100 _93436
_aBijlani. R
245 _aOur Body
260 _aNew Delhi
_bN. B. T
_c2008
999 _c6811
_d6811